| 000 | 00525nam a22001697a 4500 | ||
|---|---|---|---|
| 003 | OSt | ||
| 005 | 20140310182216.0 | ||
| 008 | 130907t xxu||||| |||| 00| 0 eng d | ||
| 050 |
_aDS 796 _b.H772 1988 |
||
| 082 |
_aHS 951.25 _bH758 1988 |
||
| 245 |
_aHongkong 1988 : _creview of 1987 / _bedited by Aladin Ismail; designed by Arthur Hacker; [et. al] |
||
| 260 |
_aHongkong : _bH.Myers, Government Printer, _c1988. |
||
| 300 |
_a380 p. ; _bill. col. ; _c24 cm. |
||
| 650 |
_aHongkong _917011 |
||
| 942 |
_2lcc _cHS |
||
| 999 |
_c10580 _d10580 |
||